Nová komunitárna úprava kolektívneho investovania

Smernica UCITS i je druhou veľkou zmenou komunitárnej právnej úpravy kolektívneho investovania. Ide o rozsiahle doplnenie existujúcej regulácie spojené s rekodifikáciou pôvodnej smernice UCITS (85/611/EHS). Pohľad na niektoré bariéry regulácie.

Na minha lista:
Detalhes bibliográficos
Autor principal: Ambra, Tomáš
Formato: Capítulo de Livro
Idioma:eslovaco
Assuntos:
Tags: Adicionar Tag
Sem tags, seja o primeiro a adicionar uma tag!

MARC

LEADER 00000naa$a2200000$$$4500
001 0102508
005 20231116085522.5
041 0 |a slo 
044 |a SK 
245 1 0 |a Nová komunitárna úprava kolektívneho investovania  |c Tomáš Ambra 
520 |a Smernica UCITS i je druhou veľkou zmenou komunitárnej právnej úpravy kolektívneho investovania. Ide o rozsiahle doplnenie existujúcej regulácie spojené s rekodifikáciou pôvodnej smernice UCITS (85/611/EHS). Pohľad na niektoré bariéry regulácie. 
610 2 0 |a dohľad bankový 
610 2 0 |a právo komunitárne 
610 2 0 |a investovanie kolektívne 
610 2 0 |a úpravy právne 
610 2 0 |a smernice 
100 1 |a Ambra, Tomáš